000 00466nam a2200157 4500
001 110068
003 ES-MaACL
005 20230906184954.0
007 t|
008 061121s1929 sp r ||||1| spa d
100 1 _aOrad de la Torre, José.
_987142
245 1 0 _aReglas de cálculo
_b: su teoría y manejo /
_cJosé Orad de la Torre.
260 _aMadrid :
_b[s.n.],
_c1929 (
_fImp. Cervantina)
300 _a32 p. :
_bil ;
_c21 cm.
852 _aES-MaACL
_j1727-F-1
999 _c110068
_d110068